000 00303nam a22001337a 4500
003 OSt
008 220521b ||||| |||| 00| 0 eng d
082 _a823.92 IGR
100 _aIGER, Robert
245 _aThe Ride of a Lifetime
260 _aLondon
_bPenguin
_c2019
300 _a246
942 _2ddc
_cBK
999 _c11234
_d11234